000 00517cam a2200205ua 4500
001 7410
008 141209n ii |||gr||||Z||||||ben
020 _a8170669677
040 _cMAIN
041 _aben
082 _a891.444
100 _aBhattacharya, A.,
_eAuthor.
245 1 _aBankimchandra jiboni
_cBy Amitrasudan Bhattacharya
250 _a4th rev.
260 _aCalcutta:
_bAnanda,
_c2010.
300 _a832p.
653 _aEast Indo-European & Celtic literatures
653 _aBengali essays
942 _cBK
999 _c6533
_d6533